[Event "Spring op"]
[Site "Budapest"]
[Date "1989.??.??"]
[Round "?"]
[White "Piskov, Yury"]
[Black "Stajcic, Nikola"]
[Result "1-0"]
[WhiteElo "2400"]
[BlackElo "2260"]

1.d4 Nf6 2.c4 g6 3.Nc3 d5 4.cxd5 Nxd5 5.e4 Nxc3 6.bxc3 Bg7 7.Bc4 O-O 8.Ne2 c5
9.O-O Nc6 10.Be3 Qc7 11.Rc1 Rd8 12.Bf4 Qd7 13.d5 Ne5 14.Bb3 b5 15.h3 Bb7
16.Bxe5 Bxe5 17.f4 Bg7 18.c4 e6 19.Nc3 bxc4 20.Bxc4 Bxc3 21.Rxc3 exd5 22.exd5 Qd6
23.f5 Rd7 24.Qd2 Re7 25.Rcf3 Rd8 26.Qh6 Red7 27.fxg6 hxg6 28.Rf4 Bxd5 29.Rh4 Qe5
30.Bxd5  1-0

[Event "Spring op"]
[Site "Budapest"]
[Date "1989.??.??"]
[Round "?"]
[White "Veingold, Aleksandr"]
[Black "Dvoirys, Semen I"]
[Result "1/2-1/2"]
[WhiteElo "2435"]
[BlackElo "2470"]

1.d4 Nf6 2.c4 g6 3.Nc3 d5 4.cxd5 Nxd5 5.e4 Nxc3 6.bxc3 Bg7 7.Bc4 c5 8.Ne2 Nc6
9.Be3 cxd4 10.cxd4 Qa5+ 11.Bd2 Qd8 12.d5 Ne5 13.Bb5+ Bd7 14.Bxd7+ Qxd7 15.Bc3 Qg4
16.O-O Qxe4 17.Ng3 Qf4 18.Re1 Nf3+ 19.Qxf3 Qxf3 20.Bxg7 Qxd5 21.Bxh8 Rc8
22.Bf6 Rc7 23.Ne4 Qa5 24.Bg5 f5 25.Bd2 Qa6 26.Ng5 h6 27.Nf3 g5 28.h4 g4 29.Ne5 Rc2
30.Bf4 Qb6 31.Nd3 Qd4 32.Rad1 Rxa2 33.Be3 Qa4 34.Bxh6 Re2 35.Bg5 g3 36.fxg3 Qd4+
37.Kh2  1/2-1/2

[Event "Elekes mem"]
[Site "Budapest"]
[Date "1989.??.??"]
[Round "?"]
[White "Danner, Georg"]
[Black "Vegh, Endre"]
[Result "1-0"]
[WhiteElo "2400"]
[BlackElo "2370"]

1.d4 Nf6 2.c4 g6 3.Nc3 d5 4.cxd5 Nxd5 5.e4 Nxc3 6.bxc3 Bg7 7.Qa4+ Nd7 8.Bg5 O-O
9.Rd1 c5 10.Nf3 a6 11.Qa3 Qc7 12.Be2 Nf6 13.Bxf6 Bxf6 14.O-O Rb8 15.Rfe1 Bd7
16.e5 Bg7 17.Ng5 e6 18.Bf3 cxd4 19.cxd4 Qd8 20.Ne4 Bc6 21.Nd6 Bxf3 22.Qxf3 Qa5
23.Re2 b5 24.d5 Qa4 25.Qd3 Rbd8 26.dxe6 fxe6 27.Rdd2 Qb4 28.g3 Rd7 29.Kg2 Rfd8
30.Re4 Qc5 31.Qb3 Re8 32.Nxe8 Rxd2 33.Qxe6+ Kh8 34.Rf4 Qd5+ 35.Qxd5 Rxd5
36.Rf7 Bh6 37.Nf6  1-0

[Event "Elekes mem"]
[Site "Budapest"]
[Date "1989.??.??"]
[Round "?"]
[White "Lutz, Christopher"]
[Black "Vegh, Endre"]
[Result "1/2-1/2"]
[WhiteElo "2375"]
[BlackElo "2370"]

1.d4 Nf6 2.c4 g6 3.Nc3 d5 4.cxd5 Nxd5 5.e4 Nxc3 6.bxc3 Bg7 7.Bc4 O-O 8.Ne2 Nc6
9.Bd3 e5 10.d5 Na5 11.c4 c6 12.Nc3 f5 13.O-O c5 14.Bd2 b6 15.a4 f4 16.f3 Nb7
17.Ne2 a5 18.Qb3 Nd6 19.Rfb1 Ra6 20.Bc3 Qe8 21.Kf2 Bd7 22.Ke1 g5 23.h3 h5
24.Kd2 h4 25.Re1 Qe7 26.Bc2 Re8 27.Nc1 Kh8 28.Nd3 Kg8 29.Rab1 Kh8 30.Qa2 Kg8
31.Rb2 Nf7 32.Reb1 Qd6  1/2-1/2

[Event "Elekes mem"]
[Site "Budapest"]
[Date "1989.??.??"]
[Round "?"]
[White "Schoen, Wolfram"]
[Black "Hansen, Lars Bo"]
[Result "1-0"]
[WhiteElo "2405"]
[BlackElo "2540"]

1.d4 Nf6 2.c4 g6 3.Nc3 d5 4.cxd5 Nxd5 5.e4 Nxc3 6.bxc3 Bg7 7.Bc4 c5 8.Ne2 O-O
9.O-O Nc6 10.Be3 Qc7 11.Rb1 Rd8 12.Bf4 Be5 13.Bxe5 Nxe5 14.Bd5 Ng4 15.Ng3 Nf6
16.Bb3 b6 17.Qd2 Bb7 18.Rfe1 Rac8 19.Rbc1 b5 20.e5 Ne8 21.h4 e6 22.Qf4 Qe7
23.h5 a5 24.hxg6 hxg6 25.dxc5 Rxc5 26.a4 Rdc8 27.Qe3 b4 28.c4 Rd8 29.Rcd1 Rcc8
30.Ne2 Ng7 31.Ng3 Qc7 32.Qg5 Ba6 33.Ne4 Ne8 34.c5 Bb7 35.Rxd8 Rxd8 36.Nd6 Nxd6
37.exd6 Qd7 38.Qf6 Re8 39.f3 Bc6 40.Kf2 Bxa4 41.Rh1  1-0

[Event "Elekes mem"]
[Site "Budapest"]
[Date "1989.??.??"]
[Round "?"]
[White "Schoen, Wolfram"]
[Black "Lutz, Christopher"]
[Result "1-0"]
[WhiteElo "2405"]
[BlackElo "2375"]

1.d4 Nf6 2.c4 g6 3.Nc3 d5 4.cxd5 Nxd5 5.e4 Nxc3 6.bxc3 Bg7 7.Bc4 c5 8.Ne2 O-O
9.O-O Nc6 10.Be3 Qc7 11.Rc1 Rd8 12.Bf4 Qd7 13.d5 Na5 14.Bd3 b6 15.c4 e5 16.Be3 Nb7
17.f4 Nd6 18.Ng3 exf4 19.Bxf4 Re8 20.Qd2 h5 21.Bg5 Re5 22.Bf4 Re8 23.e5 Bxe5
24.Bxe5 Rxe5 25.Qh6 Qg4 26.Rf4 Qg5 27.Qxg5 Rxg5 28.Re1 Kf8 29.Rf6 Ne8 30.Rf4 Rg4
31.Rf3 h4 32.Ne4 Bf5 33.Nf2 Rd4 34.Bxf5 gxf5 35.Rxf5 Rxc4 36.Ne4 Rxe4 37.Rxe4 Nd6
38.Rxh4 Nxf5 39.Rh8+ Ke7 40.Rxa8 c4 41.Rxa7+ Kf6 42.Rc7 Nd6 43.h4 b5 44.Rc6 Ke5
45.h5 Kxd5 46.h6  1-0

[Event "Elekes mem"]
[Site "Budapest"]
[Date "1989.??.??"]
[Round "?"]
[White "Timoshchenko, Gennadi A"]
[Black "Vegh, Endre"]
[Result "1/2-1/2"]
[WhiteElo "2460"]
[BlackElo "2370"]

1.d4 Nf6 2.c4 g6 3.Nc3 d5 4.cxd5 Nxd5 5.e4 Nxc3 6.bxc3 Bg7 7.Bc4 O-O 8.Ne2 Nc6
9.Bd3 e5 10.d5 Na5 11.Ba3 Re8 12.Bb4 b6 13.Bxa5 bxa5 14.Qa4 f5 15.O-O f4
16.f3 g5 17.Qxa5 Rf8 18.Kh1 Rf6 19.Rab1 g4 20.fxg4 Bxg4 21.Ng1 Rh6 22.Nf3 Qe8
23.Qxc7 Rc8 24.Qxa7 Bf8 25.c4 Bc5 26.Qb7 Qh5 27.Qb2 Ra8 28.Qe2 Raa6 29.h3 Rag6
30.Rb8+ Kg7 31.Rb7+ Kg8 32.Rb8+ Kf7 33.Rb7+ Kg8  1/2-1/2

[Event "Elekes mem"]
[Site "Budapest"]
[Date "1989.??.??"]
[Round "?"]
[White "Timoshchenko, Gennadi A"]
[Black "Zysk, Robert"]
[Result "1-0"]
[WhiteElo "2460"]
[BlackElo "2455"]

1.d4 Nf6 2.c4 g6 3.Nc3 d5 4.cxd5 Nxd5 5.e4 Nxc3 6.bxc3 Bg7 7.Bc4 c5 8.Ne2 O-O
9.O-O Nc6 10.Be3 Bg4 11.f3 Bd7 12.Rb1 Qc7 13.Qd2 Rad8 14.Rfc1 Bc8 15.Qb2 Na5
16.Bd3 b6 17.Rd1 Be6 18.dxc5 bxc5 19.Qa3 Be5 20.f4 c4 21.Bc2 Bd6 22.Qc1 Bg4
23.Re1 e5 24.f5 Bxe2 25.Rxe2 Bc5 26.f6 Rd6 27.Rf2 Bxe3 28.Qxe3 Rb8 29.Rbf1 Qb6
30.Qg5 Qc5 31.h3 Rbd8 32.Kh2 Re6 33.Rd2 Rxd2 34.Qxd2 Qd6 35.Qg5 h6 36.Qh4 Kh7
37.Rd1 Qc6 38.Rd5 Nb7 39.Qf2 a6 40.Qa7 Rxf6 41.Qb8 Rd6 42.Ba4 Qxa4 43.Qxb7 Rf6
44.Qe7 Rf2 45.Rd8 g5 46.Qf8 Kg6 47.Rd6+ f6 48.Qg8+ Kh5 49.Qf7+ Kh4 50.Rxf6  1-0

[Event "Elekes mem"]
[Site "Budapest"]
[Date "1989.??.??"]
[Round "?"]
[White "Zysk, Robert"]
[Black "Lutz, Christopher"]
[Result "1/2-1/2"]
[WhiteElo "2455"]
[BlackElo "2375"]

1.d4 Nf6 2.c4 g6 3.Nc3 d5 4.cxd5 Nxd5 5.e4 Nxc3 6.bxc3 Bg7 7.Be3 c5 8.Qd2 cxd4
9.cxd4 O-O 10.Be2 b6 11.Rc1 e6 12.h4 Bb7 13.Bf3 Nc6 14.Ne2 Rc8 15.e5 h5 16.O-O  1/2-1/2

[Event "Buenos Aires TB"]
[Site "Buenos Aires"]
[Date "1989.??.??"]
[Round "?"]
[White "Fiorito, Fabian"]
[Black "Tsuboi, Edson Kenji"]
[Result "1-0"]
[WhiteElo "2305"]
[BlackElo "2305"]

1.d4 Nf6 2.c4 g6 3.Nc3 d5 4.cxd5 Nxd5 5.e4 Nxc3 6.bxc3 Bg7 7.Bc4 c5 8.Ne2 Nc6
9.Be3 O-O 10.O-O Bg4 11.f3 Bd7 12.Rc1 Rc8 13.d5 Na5 14.Bd3 b5 15.f4 a6 16.Ng3 e6
17.f5 exf5 18.exf5 Re8 19.Qf3 Qe7 20.Bd2 Qf8 21.Qf4 c4 22.Be4 Be5 23.Qf3 Qd6
24.Bg5 Nb7 25.Bb1 Nc5 26.Rce1 Rf8 27.Bh6 Bg7 28.Bxg7 Kxg7 29.h4 Qf6 30.Qg4 Kh8
31.Re3 Rce8 32.Ref3 Qg7 33.Qf4 Qe5 34.Qd2 gxf5 35.Bxf5 Bxf5 36.Nxf5 Ne4 37.Qh6 Qf6
38.Qxf6+ Nxf6 39.Nd6 Nxd5 40.Nxe8 Rxe8 41.Rd1 Re5 42.Rxf7 Kg8 43.Ra7 b4 44.cxb4 c3
45.Ra8+ Kg7 46.Rc8 Nxb4 47.Rxc3 Nxa2 48.Rc7+ Kg6 49.Rd6+  1-0

[Event "Buenos Aires BCA op"]
[Site "Buenos Aires"]
[Date "1989.??.??"]
[Round "1"]
[White "Chaves, Jussara"]
[Black "Contin, Daniel"]
[Result "0-1"]
[WhiteElo "2115"]
[BlackElo "2310"]

1.d4 Nf6 2.c4 g6 3.Nc3 d5 4.cxd5 Nxd5 5.e4 Nxc3 6.bxc3 Bg7 7.Bc4 c5 8.Ne2 Nc6
9.Be3 O-O 10.O-O Bg4 11.f3 Na5 12.Bd3 cxd4 13.cxd4 Be6 14.Qd2 Nc4 15.Bxc4 Bxc4
16.Rfd1 Qd6 17.Rac1 Qa6 18.Nc3 Rfd8 19.Rc2 b5 20.Qc1 b4 21.Na4 Qxa4 22.Rxc4 a5
23.a3 Qb3 24.axb4 axb4 25.Rc7 Ra2 26.h3 Re2 27.Rc8 Rf8 28.Rxf8+ Bxf8 29.Bf4 Rc2
30.Qa1 Qc4 31.Rc1 b3 32.Rxc2 Qxc2 33.Bc1 e5 34.Bb2 exd4 35.Bxd4 h5 36.Bb2 Kh7
37.Kh1 Bh6 38.Kg1 Bf4 39.Kh1 h4 40.Kg1 Qe2 41.Kh1 Qd2 42.Kg1 Kh6 43.Kh1 Qf2
44.Bd4 Qg3 45.Qg1 Kg5 46.Bb2 Kh5 47.Bd4 Be5 48.Bf2 Qh2+ 49.Qxh2 Bxh2 50.Bd4 Bf4
51.Bb2 Kg5 52.Kg1 f6 53.Kf2 Be5  0-1

[Event "Canada zt"]
[Site "Canada"]
[Date "1989.??.??"]
[Round "?"]
[White "Stone, Raymond"]
[Black "Bailey, Doug"]
[Result "1-0"]
[WhiteElo "2345"]
[BlackElo "2355"]

1.c4 Nf6 2.Nc3 d5 3.cxd5 Nxd5 4.d4 g6 5.e4 Nxc3 6.bxc3 Bg7 7.Be3 O-O 8.Nf3 c5
9.Rc1 cxd4 10.cxd4 Bg4 11.Be2 e6 12.O-O Nc6 13.Rc4 Rc8 14.d5 Ne7 15.Bg5 Qd7
16.Rxc8 Rxc8 17.Ne5 Bxe5 18.Bxg4 f5 19.dxe6 Qxe6 20.exf5 Nxf5 21.Re1 Rc5
22.g3 h5 23.Qd8+ Kh7 24.Bxf5 gxf5 25.Bf4 Bf6 26.Rxe6 Bxd8 27.Be3 Rc2 28.Rh6+ Kg7
29.Rxh5 b6 30.Rxf5 Rxa2 31.h4 Bf6 32.Kg2 a5 33.Bxb6 a4 34.Ra5 a3 35.Bc5 Bb2
36.g4 Ra1 37.h5 a2 38.Be3 Bc3 39.Ra6 Kf7 40.g5  1-0

[Event "Canada zt"]
[Site "Canada"]
[Date "1989.??.??"]
[Round "?"]
[White "Nickoloff, Bryon"]
[Black "Bailey, Doug"]
[Result "1/2-1/2"]
[WhiteElo "2420"]
[BlackElo "2355"]

1.d4 Nf6 2.c4 g6 3.Nc3 d5 4.cxd5 Nxd5 5.e4 Nxc3 6.bxc3 Bg7 7.Bc4 O-O 8.Ne2 c5
9.Be3 Nc6 10.O-O Qc7 11.Rc1 Rd8 12.Qd2 Qa5 13.Rfd1 Bg4 14.Qb2 Qb6 15.Qxb6 axb6
16.f3 Be6 17.d5 Ne5 18.Bb3 Bd7 19.c4 b5 20.cxb5 c4 21.Bc2  1/2-1/2

[Event "Caorle op"]
[Site "Caorle"]
[Date "1989.??.??"]
[Round "5"]
[White "Ilic, Dragan"]
[Black "Gajic, Zoran"]
[Result "1-0"]
[WhiteElo "2390"]
[BlackElo "2290"]

1.d4 Nf6 2.c4 g6 3.Nc3 d5 4.cxd5 Nxd5 5.e4 Nxc3 6.bxc3 Bg7 7.Bc4 O-O 8.Ne2 c5
9.O-O Qc7 10.Bf4 e5 11.dxe5 Bxe5 12.Bxe5 Qxe5 13.Bd5 Kg7 14.f4 Qe7 15.Rb1 Nc6
16.Qd2 Nd8 17.c4 f6 18.Rb3 Rb8 19.Qb2 b6 20.Re1 Bd7 21.Re3 Be8 22.g4 h6 23.Ng3 Nc6
24.e5 Nd4 25.f5 fxe5 26.Rxe5 Qf6 27.Qd2 Rd8 28.Qf4 Bf7 29.Re7 Kg8 30.Rxf7 Rxf7
31.Ne4 Qh4 32.Bxf7+ Kxf7 33.fxg6+ Kxg6 34.Ng3 Rg8 35.Re5 Kh7 36.Qe4+ Kh8
37.Re7 Nf5 38.gxf5  1-0

[Event "Cheliabinsk"]
[Site "Cheliabinsk"]
[Date "1989.??.??"]
[Round "?"]
[White "Ivanov, Jordan"]
[Black "Dvoirys, Semen I"]
[Result "1/2-1/2"]
[WhiteElo "2300"]
[BlackElo "2520"]

1.d4 Nf6 2.c4 g6 3.Nc3 d5 4.cxd5 Nxd5 5.e4 Nxc3 6.bxc3 Bg7 7.Bc4 c5 8.Ne2 Nc6
9.Be3 cxd4 10.cxd4 O-O 11.Rc1 Na5 12.Bd3 e6 13.h4 Nc6 14.Bc4 b5 15.Bxe6 Bxe6
16.Rxc6 Bxa2 17.h5 Bc4 18.hxg6 Qe8 19.gxh7+ Kh8 20.Rxc4 bxc4 21.Ng3 f5 22.exf5 Rd8
23.O-O Rd7 24.Qg4 Qf7 25.Rc1 Qd5 26.Nh5 Qxf5 27.Qxf5 Rxf5 28.Nxg7 Rxg7 29.Rxc4 Kxh7
30.Ra4 a5 31.Kf1 Kg8 32.Bd2 Ra7  1/2-1/2

[Event "Copenhagen op"]
[Site "Copenhagen"]
[Date "1989.??.??"]
[Round "1"]
[White "Bjerke, Richard"]
[Black "Groszpeter, Attila"]
[Result "0-1"]
[WhiteElo "2325"]
[BlackElo "2500"]

1.d4 Nf6 2.c4 g6 3.Nc3 d5 4.cxd5 Nxd5 5.e4 Nxc3 6.bxc3 Bg7 7.Bc4 c5 8.Ne2 Nc6
9.Be3 O-O 10.O-O Bg4 11.f3 Bd7 12.Rb1 Qc7 13.Qd2 a6 14.dxc5 Na5 15.Bd5 e6
16.Bb3 Rfd8 17.Nd4 e5 18.Ne2 Bb5 19.Qe1 Nc4 20.Bxc4 Bxc4 21.Rb2 Bf8 22.Qf2 Rac8
23.Re1 Bxc5 24.Bxc5 Qxc5 25.Qxc5 Rxc5 26.Rxb7 Bxa2 27.Nc1 Be6 28.Rb2 Rxc3
29.Ne2 Ra3 30.Rc1 a5 31.Rc5 a4 32.Ra5 Rb3 33.Rc2 a3 34.Kf2 Kg7 35.Ra7 Rbd3
36.f4 a2 37.fxe5 Rd2 38.Rxd2 Rxd2 39.Ke3 Rd7 40.Ra5 Rd1  0-1

[Event "Copenhagen Obro op"]
[Site "Copenhagen"]
[Date "1989.??.??"]
[Round "4"]
[White "Schandorff, Lars"]
[Black "Jasnikowski, Zbigniew"]
[Result "1-0"]
[WhiteElo "2455"]
[BlackElo "2435"]

1.d4 Nf6 2.c4 g6 3.Nc3 d5 4.cxd5 Nxd5 5.e4 Nxc3 6.bxc3 Bg7 7.Qa4+ Nd7 8.Nf3 O-O
9.Bg5 c5 10.Rd1 Qc7 11.Be2 Nf6 12.d5 Bd7 13.Qc2 Qa5 14.Nd2 b5 15.O-O c4 16.Nf3 Qc7
17.h3 Rab8 18.Rfe1 b4 19.cxb4 Rxb4 20.e5 c3 21.d6  1-0

[Event "Copenhagen op"]
[Site "Copenhagen"]
[Date "1989.??.??"]
[Round "7"]
[White "Zsinka, Laszlo"]
[Black "Veroci, Zsuzsa"]
[Result "1-0"]
[WhiteElo "2405"]
[BlackElo "2335"]

1.d4 Nf6 2.c4 g6 3.Nc3 d5 4.cxd5 Nxd5 5.e4 Nxc3 6.bxc3 Bg7 7.Be3 c5 8.Rb1 O-O
9.Qd2 cxd4 10.cxd4 Nc6 11.Nf3 Bg4 12.d5 Bxf3 13.gxf3 Ne5 14.Be2 Qd7 15.f4 Ng4
16.Bd4 Bxd4 17.Qxd4 Rfc8 18.O-O Rc2 19.Qd1 Rxe2 20.Qxe2 Nf6 21.Rfc1 b6 22.Rc6 Qh3
23.Rc4 Rd8 24.Rd1 Qh4 25.Qf3 b5 26.Rcd4 Rc8 27.h3 Rc2 28.e5 Nd7 29.R1d2 Rxd2
30.Rxd2 Nxe5 31.Qe4 Nc4 32.Rd3 Qf6 33.Kg2 a6 34.Rd4 Kg7 35.Rd3 Kf8 36.Rd4 Kg7
37.a4 Nd6 38.Qe5 Nc4 39.Qxf6+ Kxf6 40.Kf3 h6 41.Ke4 Nd6+ 42.Kd3 Kf5 43.Rb4 e5
44.dxe6 Kxe6 45.Kd4 bxa4 46.Rb6 Ke7 47.Rxa6 a3 48.Kd5 Nf5 49.Rxa3 Kf6 50.Ra6+ Kg7
51.Ke5 Nh4 52.Ra5 Nf5 53.Ke4 Kf6 54.Ra6+ Kg7 55.Rc6 Nh4 56.Ra6 Nf5 57.Kf3 h5
58.Ke4 Nh6 59.Ra5 Kf6 60.Rb5 Kg7 61.f5 Kf6  1-0

[Event "CUB-ch"]
[Site "?"]
[Date "1989.??.??"]
[Round "2"]
[White "Gomez, A."]
[Black "Huergo, Jose Ramon"]
[Result "1/2-1/2"]
[WhiteElo "2385"]
[BlackElo "2225"]

1.d4 Nf6 2.c4 g6 3.Nc3 d5 4.cxd5 Nxd5 5.e4 Nxc3 6.bxc3 Bg7 7.Bc4 c5 8.Ne2 O-O
9.O-O Nc6 10.Be3 Bg4 11.f3 Bd7 12.Rc1 Rc8 13.Qd2 Qa5 14.Qb2 cxd4 15.cxd4 Qb4
16.Qxb4 Nxb4 17.d5 Bb2 18.Rb1 Rxc4 19.Rxb2 b6 20.Rc1 Rfc8 21.Rxc4 Rxc4 22.Nd4 Ba4
23.Kf1 Nc2 24.Nxc2  1/2-1/2

[Event "URS-sf"]
[Site "Daugavpils"]
[Date "1989.??.??"]
[Round "?"]
[White "Shirov, Alexei"]
[Black "Epishin, Vladimir"]
[Result "1/2-1/2"]
[WhiteElo "2495"]
[BlackElo "2460"]

1.d4 Nf6 2.c4 g6 3.Nc3 d5 4.cxd5 Nxd5 5.e4 Nxc3 6.bxc3 Bg7 7.Bc4 c5 8.Ne2 O-O
9.Be3 Nc6 10.Rc1 Bd7 11.O-O Rc8 12.Qd2 Qa5 13.d5 Ne5 14.Bb3 e6 15.f4 Ng4
16.c4 Qxd2 17.Bxd2 exd5 18.cxd5 Bb5 19.Bc4 Bxc4 20.Rxc4 b5 21.Rc2 Nf6 22.Ng3 Rfe8
23.d6 Nd7 24.Be3 Rc6 25.Rb1  1/2-1/2

[Event "Debrecen"]
[Site "Debrecen"]
[Date "1989.??.??"]
[Round "?"]
[White "Ftacnik, Lubomir"]
[Black "Mohr, Stefan"]
[Result "0-1"]
[WhiteElo "2550"]
[BlackElo "2530"]

1.d4 Nf6 2.c4 g6 3.Nc3 d5 4.cxd5 Nxd5 5.e4 Nxc3 6.bxc3 Bg7 7.Qa4+ Nd7 8.Nf3 O-O
9.Bg5 c5 10.Rc1 h6 11.Be3 e5 12.dxe5 Qe7 13.Bd3 Nxe5 14.Nxe5 Qxe5 15.O-O b6
16.f4 Qe7 17.Qc2 Bb7 18.e5 Rad8 19.Rcd1 Rd7 20.Bc4 Rdd8 21.Bf2 Kh7 22.Rfe1 f5
23.Qb3 g5 24.Be3 Be4 25.e6 Bf6 26.fxg5 hxg5 27.Rxd8 Rxd8 28.Rd1 Kg7 29.Rxd8 Qxd8
30.Qa4 Qe7 31.Qa3 Qb7 32.Qb2 Qc6 33.Qd2 f4 34.Bf2 Bxg2 35.h4 Bh3 36.Bd5 Qd6
37.hxg5 Bxg5 38.c4 Bxe6 39.Qd3 Bxd5 40.cxd5 Qg6 41.Qa6 Bh4+ 42.Kf1 Qb1+ 43.Kg2 Qb2  0-1

[Event "Debrecen"]
[Site "Debrecen"]
[Date "1989.??.??"]
[Round "?"]
[White "Gelfand, Boris"]
[Black "Kindermann, Stefan"]
[Result "1/2-1/2"]
[WhiteElo "2600"]
[BlackElo "2515"]

1.d4 Nf6 2.c4 g6 3.Nc3 d5 4.cxd5 Nxd5 5.e4 Nxc3 6.bxc3 Bg7 7.Nf3 c5 8.Rb1 O-O
9.Be2 cxd4 10.cxd4 Qa5+ 11.Bd2 Qxa2 12.O-O Qe6 13.Qc2 Qd6 14.d5 b6 15.Bb4 Qd8
16.Rfd1 Na6 17.Ba3 Nc5 18.Nd4 Bxd4 19.Rxd4 Qd6 20.Qc3 Qf4 21.Bb5 Bd7 22.Bxd7 Nxd7
23.Bxe7 Rfe8 24.g3 Qe5 25.Ba3 Rac8 26.Qd2 Rc2 27.Qxc2 Qxd4 28.Re1 Nc5 29.Bxc5 bxc5
30.Rd1 Qxe4 31.Qxc5 Qf3 32.Rc1 Rd8 33.Re1 Rxd5 34.Re8+ Kg7 35.Qf8+ Kf6 36.Qe7+  1/2-1/2

[Event "Debrecen"]
[Site "Debrecen"]
[Date "1989.??.??"]
[Round "?"]
[White "Ftacnik, Lubomir"]
[Black "Kindermann, Stefan"]
[Result "1/2-1/2"]
[WhiteElo "2550"]
[BlackElo "2515"]

1.d4 Nf6 2.c4 g6 3.Nc3 d5 4.cxd5 Nxd5 5.e4 Nxc3 6.bxc3 Bg7 7.Bc4 O-O 8.Ne2 b6
9.O-O Bb7 10.e5 Nc6 11.Nf4 Na5 12.Bd3 c5 13.Be3 Rc8 14.Qe2 cxd4 15.cxd4 e6  1/2-1/2

[Event "DEN-chT8990"]
[Site "DEN"]
[Date "1989.??.??"]
[Round "5"]
[White "Hansen, Mads Smith"]
[Black "Borge, Nikolaj"]
[Result "0-1"]
[WhiteElo "2270"]
[BlackElo "2330"]

1.d4 g6 2.c4 Nf6 3.Nc3 d5 4.cxd5 Nxd5 5.e4 Nxc3 6.bxc3 Bg7 7.Bc4 O-O 8.Ne2 c5
9.O-O Nc6 10.Be3 Na5 11.Bd3 cxd4 12.cxd4 b6 13.Rc1 e6 14.Qa4 Bb7 15.e5 Qe7
16.Ng3 Qh4 17.Rc7 Rac8 18.Rxb7 Nxb7 19.Ne4 h6 20.Qxa7 Na5 21.Nd6 Rc3 22.Bb5 Qd8
23.Rc1 Rxc1+ 24.Bxc1 f6 25.f4 fxe5 26.dxe5 Qh4 27.g3 Qg4 28.Be3 Bxe5 29.Ne8 Qd1+
30.Bf1 Bd4  0-1

[Event "Dieren op"]
[Site "Dieren"]
[Date "1989.??.??"]
[Round "5"]
[White "Dam, Ruurd"]
[Black "De Boer, Gert Jan"]
[Result "1/2-1/2"]
[WhiteElo "2315"]
[BlackElo "2385"]

1.d4 Nf6 2.c4 g6 3.Nc3 d5 4.cxd5 Nxd5 5.e4 Nxc3 6.bxc3 Bg7 7.Qa4+ Nd7 8.Nf3 O-O
9.Bg5 c5 10.Rc1 h6 11.Be3 e5 12.d5 f5 13.Bd3 f4 14.Bd2 g5 15.h3 Nf6 16.Rb1 Ne8
17.c4 Nd6 18.Bc3 Re8 19.Qa3 b6 20.Qb2 h5 21.a4 Rb8  1/2-1/2

[Event "Dortmund (Women)"]
[Site "Dortmund"]
[Date "1989.??.??"]
[Round "7"]
[White "Botsari Miladinovic, Anna Maria"]
[Black "Erenska Radzewska, Hanna"]
[Result "0-1"]
[WhiteElo "2160"]
[BlackElo "2285"]

1.d4 Nf6 2.c4 g6 3.Nc3 d5 4.cxd5 Nxd5 5.e4 Nxc3 6.bxc3 Bg7 7.Nf3 c5 8.Rb1 O-O
9.Be2 b6 10.O-O Bb7 11.Qd3 cxd4 12.cxd4 Ba6 13.Qe3 Qd7 14.Rd1 Qa4 15.Rd2 Bxe2
16.Qxe2 Rc8 17.Qd1 Qxd1+ 18.Rxd1 Nd7 19.Ba3 e6 20.Ne1 Rc4 21.Rb4 Rxb4 22.Bxb4 Rc8
23.Rd3 Rc4 24.Bc3 b5 25.e5 Nb6 26.a3 Bf8 27.Bd2 Nd5 28.Kf1 a6 29.g3 Kg7 30.Ke2 b4
31.axb4 Nxb4 32.Bxb4 Bxb4 33.Kd1 a5 34.Nc2 Bc3 35.Kc1 g5 36.f3 Rc8 37.Kd1 a4
38.h3 h5 39.g4 hxg4 40.hxg4 Bb2 41.Na3 Kf8 42.Kd2 Ke7 43.Ke3 Kd7 44.Kd2 Bc1+
45.Kd1 Bxa3 46.Rxa3 Rc4 47.Rd3 Kc6 48.Kd2 Kd5 49.Ke3 Rb4 50.Rd1 Rb3+ 51.Ke2 a3
52.Rc1 a2 53.Ra1 Ra3  0-1

[Event "Edinburgh op"]
[Site "Edinburgh"]
[Date "1989.??.??"]
[Round "?"]
[White "Giulian, Philip M"]
[Black "Knott, Simon JB"]
[Result "1/2-1/2"]
[WhiteElo "2245"]
[BlackElo "2355"]

1.d4 Nf6 2.c4 g6 3.Nc3 d5 4.cxd5 Nxd5 5.e4 Nxc3 6.bxc3 Bg7 7.Qa4+ Bd7 8.Qa3 b6
9.Nf3 O-O 10.Bg5 c5 11.Rc1 h6 12.Be3 e6 13.Be2 Bc6 14.e5 cxd4 15.cxd4 Bd5
16.O-O Nc6 17.Rc2 a5 18.Rb2 Nb4 19.Bd2 Qe7 20.Bxb4 axb4 21.Qxb4 Qxb4 22.Rxb4 Rxa2
23.Bc4 Bxc4 24.Rxc4 b5 25.Rb4 Rb8 26.Rfb1 Bf8 27.R4b2 Rxb2 28.Rxb2 b4 29.Kf1 g5
30.h3 Kg7 31.Ke2 Kg6 32.Nd2 h5 33.Ne4 Be7 34.Kd3 Rd8 35.Kc4 Kf5 36.Nc5 f6
37.Re2 Rb8  1/2-1/2

[Event "Eger op"]
[Site "Eger"]
[Date "1989.??.??"]
[Round "?"]
[White "Nickl, Klaus"]
[Black "Chabanon, Jean Luc"]
[Result "1/2-1/2"]
[WhiteElo "2235"]
[BlackElo "2250"]

1.d4 Nf6 2.c4 g6 3.Nc3 d5 4.cxd5 Nxd5 5.e4 Nxc3 6.bxc3 Bg7 7.Nf3 c5 8.Rb1 O-O
9.Be2 cxd4 10.cxd4 Qa5+ 11.Qd2 Qxd2+ 12.Bxd2 e6 13.O-O b6 14.Rfc1 Bb7 15.Bb4 Rd8
16.Bb5 Bf8 17.Bxf8 Rxf8 18.Nd2 Na6 19.Rb3 Rfd8 20.Nf3 Rac8 21.Rbc3 Rxc3 22.Rxc3 Nb4
23.a3 a6 24.Be2 Nc6 25.Rd3 Na5 26.Re3 Rc8 27.g4 Rc1+ 28.Kg2 Nc4 29.Bxc4 Rxc4
30.g5 Rc1 31.Kg3 Kg7 32.Kf4 Rc2 33.Ke5 Kf8 34.d5 Ke7 35.Rb3 b5 36.Nd4 Rc5
37.Re3 exd5 38.Nb3 Rc4 39.exd5 Bc8 40.Nd4 Bd7 41.f4 Rc1 42.Nb3 Rd1 43.Nc5 a5
44.Ne4 Bf5 45.d6+ Kd8 46.Nc5 a4 47.Rc3 Bc8 48.Rc2 Re1+ 49.Kd5 Re3 50.Kc6 Rxa3
51.Rd2 Rc3 52.d7 Rxc5+ 53.Kxc5 Bxd7 54.Kd6 Be6 55.Kc5+ Bd7 56.Kd6 b4 57.Rd4 b3
58.Rb4 Kc8 59.Rc4+ Kd8 60.Rb4 Kc8  1/2-1/2

[Event "FRA-chB"]
[Site "?"]
[Date "1989.??.??"]
[Round "?"]
[White "Mercier, Jean Pierre"]
[Black "Daillet, Emmanuel"]
[Result "1-0"]
[WhiteElo "2215"]
[BlackElo "2300"]

1.d4 Nf6 2.c4 g6 3.Nc3 d5 4.cxd5 Nxd5 5.e4 Nxc3 6.bxc3 Bg7 7.Qa4+ Bd7 8.Qa3 O-O
9.Nf3 b5 10.Bg5 Re8 11.Rb1 c6 12.Be2 a5 13.O-O Na6 14.Qc1 b4 15.Bc4 Qc8 16.cxb4 axb4
17.Bh6 Be6 18.Bxg7 Kxg7 19.Ng5 Bxc4 20.Qxc4 e6 21.Rfc1 Qd8 22.Nf3 Qa5 23.Ne5 Nb8
24.Rc2 Rd8 25.h3 b3 26.axb3 Qb6 27.Rd1 Ra5 28.Rd3 Ra1+ 29.Kh2 Re1 30.Rf3 Rf8
31.Re3 Rd1 32.Nf3 Qc7+ 33.g3 Qa5 34.Rc1 Rxc1 35.Qxc1 Qa2 36.Kg2 Rd8 37.Qc3 Kg8
38.Rd3 Qe2 39.Re3 Qa2 40.Ne5 Qa7 41.Rd3 Qa6 42.Rf3 Rf8 43.d5  1-0

[Event "FRA-chT"]
[Site "?"]
[Date "1989.??.??"]
[Round "?"]
[White "Laclau, Daniel"]
[Black "Vareille, Francois"]
[Result "1-0"]
[WhiteElo "2220"]
[BlackElo "2285"]

1.d4 Nf6 2.c4 g6 3.Nc3 d5 4.cxd5 Nxd5 5.e4 Nxc3 6.bxc3 Bg7 7.Be3 c5 8.Qd2 Qa5
9.Rb1 a6 10.Rc1 Nd7 11.Bd3 b5 12.Nf3 Bb7 13.O-O O-O 14.d5 Rfe8 15.c4 b4 16.Bh6 Qb6
17.Bxg7 Kxg7 18.Bc2 e5 19.Ba4 Rad8 20.Qb2 Qd6 21.Ne1 f6 22.Nd3 Re7 23.Bxd7 Rexd7
24.f4 Re7 25.fxe5 fxe5 26.Rc2 a5 27.Rcf2 Ba6 28.Rf6 Qxf6 29.Rxf6 Kxf6 30.Qf2+ Kg7
31.Qxc5 Rdd7 32.Qc6 Bb7 33.Qb6 Ba8 34.Nc5 Ra7 35.Ne6+ Kf7 36.Qb8 g5 37.Qf8+ Kg6
38.Qf5+  1-0

[Event "FRA-chT"]
[Site "?"]
[Date "1989.??.??"]
[Round "?"]
[White "Bedos, Michel"]
[Black "Berthelot, Yannick"]
[Result "1/2-1/2"]
[WhiteElo "2150"]
[BlackElo "2320"]

1.d4 Nf6 2.c4 g6 3.Nc3 d5 4.cxd5 Nxd5 5.e4 Nxc3 6.bxc3 Bg7 7.Bc4 c5 8.Ne2 O-O
9.Be3 Nc6 10.Rc1 cxd4 11.cxd4 Qa5+ 12.Kf1 Bg4 13.f3 Bd7 14.h4 Rfd8 15.h5 Be8
16.hxg6 hxg6 17.Kf2 e6 18.Bb3 Qa6 19.Qd2 Qa5 20.Rhd1 Qxd2 21.Rxd2 Na5 22.d5 Nxb3
23.axb3 exd5 24.exd5 Be5 25.g4 f6  1/2-1/2

[Event "FRA-chT"]
[Site "?"]
[Date "1989.??.??"]
[Round "?"]
[White "Dezan, Pierre"]
[Black "Berthelot, Yannick"]
[Result "0-1"]
[WhiteElo "2240"]
[BlackElo "2320"]

1.d4 Nf6 2.c4 g6 3.Nc3 d5 4.cxd5 Nxd5 5.e4 Nxc3 6.bxc3 Bg7 7.Nf3 c5 8.Bb5+ Bd7
9.Bc4 O-O 10.h3 cxd4 11.cxd4 Bb5 12.Bxb5 Qa5+ 13.Bd2 Qxb5 14.a4 Qa6 15.Qe2 Rd8
16.Qxa6 Nxa6 17.e5 Nc7 18.O-O Ne6 19.Be3 Rd5 20.Rfb1 b6 21.Rb4 f6 22.Rc1 Kf7
23.exf6 exf6 24.Rcc4 Rad8 25.g3 f5 26.Kg2 Bf6 27.h4 R8d6 28.Rc8 Rd8 29.Rcc4 Ke7
30.Kg1 R8d7 31.Bg5 Bxg5 32.hxg5 Rc7 33.Rxc7+ Nxc7 34.Rc4 Kd6 35.Ne5 Ne6 36.Nf3 Ra5
37.Kg2 Kd5 38.Rc8 Rxa4 39.Rh8 Ra3 40.Rb8 Rd3 41.Rb7 Ra3 42.Rd7+ Kc6 43.Ne5+ Kb5
44.Nf7 a5 45.Rd6 Nc7 46.Ne5 Rc3 47.d5 a4 48.Rd8 a3 49.d6 a2  0-1

[Event "Frunze op"]
[Site "Frunze"]
[Date "1989.??.??"]
[Round "?"]
[White "Kakageldyev, Amanmurad"]
[Black "Epishin, Vladimir"]
[Result "0-1"]
[WhiteElo "2345"]
[BlackElo "2460"]

1.d4 Nf6 2.c4 g6 3.Nc3 d5 4.cxd5 Nxd5 5.e4 Nxc3 6.bxc3 Bg7 7.Bc4 O-O 8.Ne2 c5
9.O-O Nc6 10.Be3 Bd7 11.Rc1 Rc8 12.h3 Qa5 13.Qb3 Qc7 14.Qa3 Qa5 15.Qb3 Qc7
16.Qa3 Na5 17.Bd3 e5 18.f4 c4 19.Bc2 f6 20.Rf3 b6 21.Rcf1 exd4 22.cxd4 f5
23.e5 Bc6 24.Nc3 Bxf3 25.Rxf3 Nc6 26.d5 Nxe5 27.fxe5 Bxe5 28.Ba4 Bd6 29.Qc1 a6
30.Bc6 b5 31.Ne2 Rf7 32.Nd4 Re7 33.Bf2 Re4 34.Kh1 Qg7 35.Qd1 Qe5 36.Qg1 Rc7
37.Nc2 Re2 38.Bg3 Qf6 39.Bxd6 Qxd6 40.Nd4 Re4 41.Nc2 Rce7 42.Rf1 Re2 43.Nd4 Rxa2
44.Re1 Re4 45.Ne6 Rae2 46.Rd1 c3 47.Nd4 Rd2 48.Nf3 Rxd1 49.Qxd1 Rc4 50.Qc2 Qf4
51.Bd7 Qe4 52.Be6+ Kg7 53.Qc1 c2 54.Ng1 Qf4 55.Qa1+ Qd4 56.Qc1 Qd1 57.Qa3 Qxg1+  0-1